000 00614nam a2200229Ia 4500
003 OSt
005 20221006165005.0
006 a|||||r|||| 00| 0
007 ta
008 221006b |||||||| |||| 00| 0 eng d
024 _a2,884
037 _cTextual
040 _aFML
_cFML
_beng
041 _2eng
_aeng
082 _aR5.2, N0 -; 1
100 _aSharma H L Au.
_9678846
245 0 _aIndian Aesthetics and Aesthetic Perspectives
260 _aMeeruth
_bMansi Prakashan
_c1990
300 _a256
_ccm.
942 _hR5.2, N0 -; 1
_cTEXL
_2CC
999 _c1119197
_d1119197